000 00623nam a2200169Ia 4500
008 090711s9999 xx 000 0 und d
082 _b78738
100 _aपटवर्धन भुषण
245 _aआरोग्यदायी पर्यावरण
260 _bकॉन्टीनेन्टल प्रकाशन
_c1996
300 _a155
600 _aपटवर्धन भुषण
630 _aआरोग्यदायी पर्यावरण
700 _aपटवर्धन भुषण
730 _aआरोग्यदायी पर्यावरण
942 _cBOOK
999 _c290685
_d290685